000 00792nab#a2200241#c#4500
999 _c53638
_d53638
003 IEF
005 20191205102306.0
008 950704s1976 uuu|| #####0 b| |u
040 _aIEF
_cES-MaIEF
100 1 _aLópez Juana Pinilla, José
_926467
245 _aSituación de la Hacienda Pública de España en marzo de 1822 y medios de mejorarla
_b(Madrid, en la imprenta de D. Leonardo Núñez de Vargas, 1822)
_c [José López Juana Pinilla]
260 _c1976
650 4 _aHISTORIA ECONOMICA
_945401
650 4 _aESPAÑA
_941092
650 4 _aHACIENDA PUBLICA
_950201
650 4 _aORGANIZACION
_947901
650 4 _aREFORMA
_910750
650 4 _aSIGLO XIX
_948415
773 0 _tHacienda pública española
_w34570
_g38, p. 306-314
942 _2udc
942 _2udc